Monuments of South Arabia /

محفوظ في:

المؤلف الرئيسي: Doe, D. Brian (مؤلف)

التنسيق: كتاب

اللغة: English

منشور في: Naples, Italy : Cambridge, England ; New York, N.Y., U.S.A. : Falcon ; Oleander, c1983.

سلاسل: Arabia past and present ; 12.

الموضوعات:

الوسوم: إضافة وسم

لا توجد وسوم, كن أول من يضع وسما على هذه التسجيلة!

رقم الطلب: DS247 .A143 D64 1983

LEADER 00975namaa2200277 4500
001 12979
003 OSt
005 20250513064902.0
008 130303s1983 it abef b 001 0 eng d
010 |a 85102714 
020 |a 0900891173 
040 |c ARCE Library 
043 |a ar----- 
050 4 |a DS247 .A143 D64 1983 
100 1 |a Doe, D. Brian,  |e author  |9 29102 
245 1 0 |a Monuments of South Arabia /  |c Brian Doe. 
264 1 |a Naples, Italy :  |b Falcon ;  |a Cambridge, England ;  |a New York, N.Y., U.S.A. :  |b Oleander,  |c c1983. 
300 |a vi, 284 pages, 32 pages of plates :  |b illustrations, maps, plans ;  |c 26 cm. 
490 0 |a Arabia past and present ; 12. 
500 |a "Arabia past and present series, v. 12"--Brit. CIP, verso t.p. 
504 |a Includes bibliographical references (pages 263-277) and index. 
650 0 |a Excavations (Archaeology)  |z Arabia, Southern. 
651 0 |a Arabia, Southern  |x Antiquities. 
901 |a reviewed 
942 |c BK  |2 lcc 
999 |c 11541  |d 11541